[Event "XXIX Corsicoscacchi Magistrale"]
[Site "Corsico ITA"]
[Date "2004.05.01"]
[Round "4"]
[White "Pace, Pietro Dario"]
[Black "Canova, Luca"]
[Result "1-0"]
[WhiteElo "2126"]
[BlackElo "2008"]
[PlyCount "139"]
[EventDate "2004.04.29"]

1. e4 e5 2. Nf3 Nc6 3. Bb5 a6 4. Ba4 Nf6 5. O-O b5 6. Bb3 Be7 7. Re1 d6 8. c3
O-O 9. h3 Bb7 10. d4 Nd7 11. a4 Bf6 12. d5 Ne7 13. Bc2 bxa4 14. Bxa4 Nb6 15.
Bc2 c6 16. dxc6 Bxc6 17. b3 Qc7 18. c4 Ng6 19. Qd3 d5 20. Nc3 dxc4 21. bxc4
Rfd8 22. Qf1 Bd7 23. Bb3 Be6 24. Nd5 Bxd5 25. cxd5 a5 26. Be3 Be7 27. Qb5 Nd7
28. Rec1 Qb8 29. Ba4 Bb4 30. Rc2 Ne7 31. Rac1 Bd6 32. Nd2 Nc8 33. Nc4 Bc7 34.
Qxb8 Rxb8 35. Nd2 Ndb6 36. Bb5 Bd6 37. Be2 a4 38. Rc6 a3 39. Rb1 Na4 40. Ra1
Ne7 41. Rcc1 Rb2 42. Bd1 Nb6 43. Bxb6 Rxb6 44. Nc4 Ra6 45. Nxd6 Rdxd6 46. Rc3
f5 47. f3 fxe4 48. fxe4 a2 49. Bb3 Ra3 50. Rxa2 Rxa2 51. Bxa2 g5 52. Rg3 h6 53.
h4 Kg7 54. hxg5 h5 55. Rc3 Kg6 56. Rc7 Ng8 57. Rc6 Rxc6 58. dxc6 Ne7 59. c7
Kxg5 60. Be6 Kf4 61. c8=Q Nxc8 62. Bxc8 Kxe4 63. Kf2 h4 64. Kg1 Ke3 65. Kh2 Kf4
66. Kh3 Kg5 67. Bb7 Kh5 68. Bf3+ Kg5 69. Be2 e4 70. Bd1 1-0

[Event "XXIX Corsicoscacchi Magistrale"]
[Site "Corsico ITA"]
[Date "2004.05.01"]
[Round "4"]
[White "Pelizzola, Danilo"]
[Black "Massironi, Marco"]
[Result "1/2-1/2"]
[WhiteElo "2081"]
[BlackElo "2119"]
[PlyCount "119"]
[EventDate "2004.04.29"]

1. e4 c5 2. Nf3 d6 3. d4 cxd4 4. Nxd4 Nf6 5. Nc3 a6 6. Be2 e5 7. Nb3 Be7 8. Be3
Be6 9. O-O Nbd7 10. f4 exf4 11. Bxf4 Ne5 12. Kh1 Rc8 13. Nd4 O-O 14. Nxe6 fxe6
15. Bxe5 dxe5 16. Qxd8 Rfxd8 17. Bd3 Bc5 18. h3 Bd4 19. Ne2 Rc7 20. Rab1 b5 21.
Rf3 Nd7 22. b4 Nf6 23. g3 Rdc8 24. Kg2 Rxc2 25. Bxc2 Rxc2 26. Kf1 Nxe4 27. Rd1
Nd2+ 28. Rxd2 Rxd2 29. Ra3 Rb2 30. Rxa6 Rxb4 31. Rxe6 Rb1+ 32. Kg2 Rb2 33. Kf3
Rxa2 34. Nxd4 exd4 35. Rb6 Rb2 36. Ke4 Rb4 37. g4 Rb3 38. h4 d3 39. Kf5 Kf7 40.
Rb7+ Ke8 41. Ke6 Kd8 42. Rxg7 Kc8 43. Rd7 Rc3 44. Rd4 Kc7 45. g5 Kb6 46. h5 Kc5
47. Rd8 Kb4 48. g6 hxg6 49. hxg6 Rc6+ 50. Kf5 Rc5+ 51. Kf4 Rc4+ 52. Kf3 Rc7 53.
Rxd3 Rg7 54. Rd6 Kb3 55. Kf4 b4 56. Kf5 Ka2 57. Kf6 Rg8 58. g7 b3 59. Ra6+ Kb1
60. Kf7 1/2-1/2

[Event "XXIX Corsicoscacchi Magistrale"]
[Site "Corsico ITA"]
[Date "2004.05.01"]
[Round "4"]
[White "Popa, Florin"]
[Black "Barlocco, Carlo"]
[Result "0-1"]
[WhiteElo "2227"]
[BlackElo "2139"]
[PlyCount "61"]
[EventDate "2004.04.29"]

1. e4 b6 2. Nc3 Bb7 3. d4 e6 4. Nf3 Bb4 5. Bd3 Nf6 6. Qe2 d5 7. e5 Ne4 8. Bd2
Nxd2 9. Qxd2 c5 10. a3 Ba5 11. Rb1 c4 12. Be2 O-O 13. b4 cxb3 14. cxb3 Bxc3 15.
Qxc3 Ba6 16. Bxa6 Nxa6 17. Qd3 Nc7 18. O-O Qe7 19. Rfc1 Rfc8 20. b4 Ne8 21. b5
Rc7 22. Rc6 Rxc6 23. bxc6 Nc7 24. a4 h6 25. Ne1 Qe8 26. Qc3 Rc8 27. a5 bxa5 28.
Rb7 Na6 29. Qxa5 Qxc6 30. Rxa7 Nc7 31. Qd2 0-1

[Event "XXIX Corsicoscacchi Magistrale"]
[Site "Corsico ITA"]
[Date "2004.05.01"]
[Round "4"]
[White "Squarci, Franco"]
[Black "Cereda, Loris"]
[Result "0-1"]
[WhiteElo "1931"]
[BlackElo "2007"]
[PlyCount "148"]
[EventDate "2004.04.29"]

1. d4 Nf6 2. Nf3 c6 3. Nbd2 d5 4. Ne5 Bf5 5. h4 Nbd7 6. Ndf3 Nxe5 7. Nxe5 e6 8.
e3 h5 9. Bd3 Bxd3 10. Qxd3 Bd6 11. Rh3 Qc7 12. Nf3 O-O-O 13. Bd2 Kb8 14. a4 c5
15. c3 Ne4 16. Ng5 Nxg5 17. hxg5 g6 18. a5 Rc8 19. Qb5 Qc6 20. Qxc6 Rxc6 21.
dxc5 Rxc5 22. Rf3 Rf8 23. Ra4 Be7 24. e4 Rc4 25. Rxc4 dxc4 26. Be3 Bd6 27. e5
Bxe5 28. Bf4 Bxf4 29. Rxf4 Kc7 30. Rxc4+ Kd6 31. f4 Re8 32. Kf2 e5 33. Re4 Kd5
34. Kf3 Re6 35. b4 exf4 36. c4+ Kd6 37. Rxf4 Re7 38. Rd4+ Kc6 39. Rf4 Kd6 40.
Re4 Rc7 41. Kf4 a6 42. Ke3 Rc6 43. Kd4 Kd7 44. c5 f6 45. gxf6 Rxf6 46. Kc4 Rf2
47. Rd4+ Kc7 48. g3 Rf3 49. b5 axb5+ 50. Kxb5 Rxg3 51. Rf4 Rb3+ 52. Kc4 Rb1 53.
Rf7+ Kb8 54. Rf8+ Ka7 55. Rf7 g5 56. c6 Rc1+ 57. Kb5 Rxc6 58. Rg7 g4 59. Rg5 g3
60. Rxg3 h4 61. Rg7 Rh6 62. a6 Rh5+ 63. Kc4 Kxa6 64. Rg6+ b6 65. Rg1 h3 66. Rh1
b5+ 67. Kc3 h2 68. Ra1+ Kb6 69. Rh1 Kc5 70. Kc2 Rh3 71. Kb2 Kd4 72. Kc2 Ke3 73.
Kb3 Kf2+ 74. Kb4 Kg2 0-1

[Event "XXIX Corsicoscacchi Magistrale"]
[Site "Corsico ITA"]
[Date "2004.05.02"]
[Round "5"]
[White "Astengo, Marcello"]
[Black "Bjarnason, Oskar"]
[Result "0-1"]
[WhiteElo "2069"]
[BlackElo "2259"]
[PlyCount "84"]
[EventDate "2004.04.29"]

1. d4 d5 2. c4 c6 3. Nc3 dxc4 4. e3 b5 5. a4 b4 6. Na2 e6 7. Bxc4 Nf6 8. Nf3
Nbd7 9. O-O Bb7 10. b3 Bd6 11. Bb2 Qc7 12. Ne5 Nxe5 13. dxe5 Bxe5 14. Bxe5 Qxe5
15. Nxb4 O-O 16. Qe2 c5 17. Nd3 Qc7 18. Rac1 Rfd8 19. Rc2 h5 20. f3 h4 21. Rfc1
g5 22. Nf2 Rac8 23. Nh3 Qe5 24. f4 gxf4 25. Nxf4 Be4 26. Rd2 Bf5 27. Rxd8+ Rxd8
28. Qf2 Ng4 29. Qe1 Qxe3+ 30. Qxe3 Nxe3 31. h3 Rd2 32. Rc3 Nd1 33. Rc1 Be4 34.
Bf1 e5 35. Nh5 Bc2 36. Bc4 Ne3 37. Nf6+ Kg7 38. Ng4 Rxg2+ 39. Kh1 Be4 40. Nxe3
Rc2+ 41. Kg1 Rxc1+ 42. Kf2 f5 0-1

[Event "XXIX Corsicoscacchi Magistrale"]
[Site "Corsico ITA"]
[Date "2004.05.02"]
[Round "5"]
[White "Barlocco, Carlo"]
[Black "Bozzali, Ermanno"]
[Result "1-0"]
[WhiteElo "2139"]
[BlackElo "2102"]
[PlyCount "73"]
[EventDate "2004.04.29"]

1. d4 Nf6 2. Nc3 c5 3. d5 e5 4. e4 d6 5. f4 exf4 6. Bxf4 Bg4 7. Be2 Bxe2 8.
Qxe2 Be7 9. Nf3 O-O 10. O-O-O Re8 11. h3 Nh5 12. Bh2 Bg5+ 13. Nxg5 Qxg5+ 14.
Kb1 Ng3 15. Qb5 Na6 16. Rhe1 c4 17. Qxc4 Nc5 18. e5 Nf5 19. exd6 Ne3 20. Qxc5
Nxd1 21. Rxd1 Qxg2 22. d7 Red8 23. Bc7 Rxd7 24. d6 Qxh3 25. Qd5 Re8 26. Qxb7 h5
27. a3 Qg4 28. Qc6 Re3 29. Rh1 Re5 30. Rh4 Qe6 31. Re4 Rxe4 32. Nxe4 h4 33. Nc5
Qe1+ 34. Ka2 h3 35. Qxd7 Qf1 36. Qe8+ Kh7 37. Qe4+ 1-0

[Event "XXIX Corsicoscacchi Magistrale"]
[Site "Corsico ITA"]
[Date "2004.05.02"]
[Round "5"]
[White "Canova, Luca"]
[Black "Mazzariol, Oscar"]
[Result "0-1"]
[WhiteElo "2008"]
[BlackElo "2081"]
[PlyCount "64"]
[EventDate "2004.04.29"]

1. e4 c5 2. Nf3 e6 3. d4 cxd4 4. Nxd4 Nf6 5. Bd3 a6 6. O-O Qc7 7. c4 b6 8. Nc3
Bb7 9. Be3 Be7 10. Rc1 d6 11. f4 O-O 12. Qf3 Nbd7 13. b4 Rac8 14. Qh3 Rfe8 15.
g4 Nf8 16. g5 N6d7 17. a3 Qd8 18. Rc2 g6 19. Nf3 f5 20. Qh6 fxe4 21. Nxe4 Qc7
22. Bd4 e5 23. Bb2 Ne6 24. fxe5 dxe5 25. Qh4 Rf8 26. Qg4 Nf4 27. Rd1 Rcd8 28.
Rcd2 Rf5 29. Nh4 Bxe4 30. Nxf5 gxf5 31. Qg3 Bxd3 32. Rxd3 Ne2+ 0-1

[Event "XXIX Corsicoscacchi Magistrale"]
[Site "Corsico ITA"]
[Date "2004.05.02"]
[Round "5"]
[White "Cereda, Loris"]
[Black "D'Apa, Matteo"]
[Result "1-0"]
[WhiteElo "2007"]
[BlackElo "1859"]
[PlyCount "57"]
[EventDate "2004.04.29"]

1. e4 c6 2. d4 d5 3. exd5 cxd5 4. Bd3 Nc6 5. c3 g6 6. Nf3 Bg7 7. O-O Nh6 8. Bf4
f6 9. Re1 O-O 10. c4 e6 11. Nc3 Nf7 12. cxd5 exd5 13. Qb3 Bg4 14. Qxb7 Rc8 15.
Bb5 Nd6 16. Qa6 Nxb5 17. Nxb5 Bxf3 18. gxf3 Nb4 19. Qxa7 Rf7 20. Qa4 Nc2 21.
Nd6 Nxe1 22. Rxe1 Rf8 23. Nxc8 Qxc8 24. Re7 f5 25. Qa7 Bf6 26. Rxh7 Qc2 27. Bh6
Qd1+ 28. Kg2 Bxd4 29. Qe7 1-0

[Event "XXIX Corsicoscacchi Magistrale"]
[Site "Corsico ITA"]
[Date "2004.05.02"]
[Round "5"]
[White "Dallaglio, Giovanni"]
[Black "Squarci, Franco"]
[Result "1-0"]
[WhiteElo "2019"]
[BlackElo "1931"]
[PlyCount "71"]
[EventDate "2004.04.29"]

1. d4 Nf6 2. Nf3 d5 3. c4 e6 4. Nc3 c6 5. e3 Bd6 6. Qc2 Na6 7. a3 Nc7 8. e4
dxe4 9. Nxe4 Be7 10. Be2 b6 11. O-O Bb7 12. Rd1 Qc8 13. Bf4 h6 14. Nd6+ Bxd6
15. Bxd6 b5 16. Bxc7 Qxc7 17. cxb5 O-O 18. Rac1 Rac8 19. Ne5 Rfd8 20. bxc6 Qb6
21. Bf3 Nd5 22. Bh5 Rc7 23. Bxf7+ Rxf7 24. Nxf7 Kxf7 25. cxb7 Qxb7 26. b4 Rd7
27. Qe4 Qa6 28. Qf3+ Nf6 29. Rc6 Qa4 30. h4 e5 31. Re1 e4 32. Rxf6+ gxf6 33.
Qxe4 Kg7 34. Qe8 f5 35. Re7+ Kf6 36. Qf7# 1-0

[Event "XXIX Corsicoscacchi Magistrale"]
[Site "Corsico ITA"]
[Date "2004.05.02"]
[Round "5"]
[White "Damia, Angelo"]
[Black "Pelizzola, Danilo"]
[Result "1-0"]
[WhiteElo "2061"]
[BlackElo "2081"]
[PlyCount "33"]
[EventDate "2004.04.29"]

1. e4 c5 2. Nf3 Nc6 3. d4 cxd4 4. Nxd4 Nf6 5. Nc3 e5 6. Ndb5 d6 7. Bg5 a6 8.
Na3 b5 9. Bxf6 gxf6 10. Nd5 f5 11. Bxb5 axb5 12. Nxb5 Ra7 13. Nxa7 Qa5+ 14. c3
Qxa7 15. exf5 Ne7 16. Nf6+ Kd8 17. Qxd6+ 1-0

[Event "XXIX Corsicoscacchi Magistrale"]
[Site "Corsico ITA"]
[Date "2004.05.02"]
[Round "5"]
[White "Gagliardi, Christian"]
[Black "Zacco, Remo"]
[Result "0-1"]
[WhiteElo "2116"]
[BlackElo "2028"]
[PlyCount "72"]
[EventDate "2004.04.29"]

1. e4 e5 2. f4 exf4 3. Nf3 d6 4. Bc4 h6 5. b3 Nc6 6. Bb2 Nf6 7. Nc3 Bg4 8. d4
Qe7 9. O-O O-O-O 10. Qd3 g5 11. Rae1 Bg7 12. Bd5 Qd7 13. Bxc6 Qxc6 14. Nb5 Qb6
15. Nd2 a6 16. Na3 d5 17. e5 Nd7 18. Kh1 Qe6 19. c4 dxc4 20. Naxc4 Bf5 21. Qc3
Kb8 22. b4 h5 23. a4 h4 24. b5 axb5 25. axb5 h3 26. gxh3 Rxh3 27. Qa5 Qd5+ 28.
Kg1 Rxh2 29. Nf3 Rh3 30. Ncd2 Rdh8 31. Ra1 Nb6 32. Qa7+ Kc8 33. Rac1 Rh1+ 34.
Kf2 Rxf1+ 35. Nxf1 Qxb5 36. Qa2 Be6 0-1

[Event "XXIX Corsicoscacchi Magistrale"]
[Site "Corsico ITA"]
[Date "2004.05.02"]
[Round "5"]
[White "Guidi, Maurizio"]
[Black "Pace, Pietro Dario"]
[Result "1-0"]
[WhiteElo "2065"]
[BlackElo "2126"]
[PlyCount "63"]
[EventDate "2004.04.29"]

1. e4 e6 2. d4 d5 3. Nc3 Nf6 4. Bg5 Be7 5. e5 Nfd7 6. Bxe7 Qxe7 7. f4 a6 8. Nf3
c5 9. a3 Nc6 10. Ne2 cxd4 11. Nexd4 O-O 12. Bd3 h6 13. c3 Nxd4 14. cxd4 Re8 15.
O-O Nf8 16. Rf2 Bd7 17. Qd2 Rec8 18. g4 f5 19. gxf5 exf5 20. Rg2 Be6 21. Kh1
Rc7 22. Rag1 Qe8 23. Rg3 Rf7 24. Qg2 Qd7 25. Rh3 g6 26. Rxh6 Rg7 27. Ng5 Re8
28. Qh3 Nh7 29. Nxh7 Rxh7 30. Rgxg6+ Rg7 31. Rh8+ Kf7 32. Rxg7+ 1-0

[Event "XXIX Corsicoscacchi Magistrale"]
[Site "Corsico ITA"]
[Date "2004.05.02"]
[Round "5"]
[White "Massironi, Marco"]
[Black "Popa, Florin"]
[Result "1/2-1/2"]
[WhiteElo "2119"]
[BlackElo "2227"]
[PlyCount "86"]
[EventDate "2004.04.29"]

1. e4 e5 2. Nf3 Nc6 3. Bb5 g6 4. d4 Nxd4 5. Nxd4 exd4 6. Qxd4 Qf6 7. e5 Qb6 8.
Qd3 a6 9. Bc4 Bg7 10. Nc3 Bxe5 11. Qe2 d6 12. f4 f6 13. fxe5 dxe5 14. Nd5 Qc6
15. O-O Be6 16. Nxf6+ Nxf6 17. Qxe5 Qxc4 18. Qxf6 Kd7 19. Rf4 Rhf8 20. Qg7+ Rf7
21. Rd4+ Ke8 22. Qg8+ Rf8 23. Rxc4 Bxg8 24. Rxc7 Rf7 25. Rc3 Rd7 26. Bg5 Bf7
27. Re1+ Kf8 28. Rf3 Kg7 29. Bf6+ Kg8 30. a3 Rc8 31. Bc3 Re8 32. Rxe8+ Bxe8 33.
Bb4 Bf7 34. Rd3 Rxd3 35. cxd3 Bd5 36. Kf2 Kf7 37. g3 Ke6 38. Ke3 Kf5 39. Bd6
Ke6 40. Bf4 Kf5 41. h3 h5 42. Kd4 Ke6 43. Kc5 Bc6 1/2-1/2

[Event "XXIX Corsicoscacchi Magistrale"]
[Site "Corsico ITA"]
[Date "2004.05.02"]
[Round "5"]
[White "Podini, Francesco"]
[Black "Bisignano, Giuseppe"]
[Result "1-0"]
[WhiteElo "2051"]
[BlackElo "1996"]
[PlyCount "105"]
[EventDate "2004.04.29"]

1. e4 e5 2. Bc4 Nc6 3. Nc3 Nf6 4. d3 h6 5. f4 Bc5 6. Nf3 Ng4 7. Rf1 d6 8. h3
Nh2 9. Nxh2 Qh4+ 10. Kd2 exf4 11. Qe1 Qg5 12. Nf3 Qxg2+ 13. Ne2 Bxh3 14. d4
Nxd4 15. Nfxd4 Bxd4 16. Rxf4 O-O 17. Qg3 Be5 18. Qxg2 Bxg2 19. Rg4 Bf3 20. Rh4
Bf6 21. Rf4 Bg5 22. Ke3 Bxe2 23. Kxe2 Bxf4 24. Bxf4 g5 25. Rg1 Rae8 26. Kf3 Kg7
27. Bd2 f6 28. Bc3 h5 29. Rxg5+ Kh6 30. Rg1 h4 31. Kf4 Re7 32. Rh1 Kg6 33. Rg1+
Kh6 34. Kf5 Re5+ 35. Bxe5 fxe5+ 36. Ke6 Rf2 37. Bd3 h3 38. Kd7 c5 39. b3 b5 40.
Kxd6 c4 41. bxc4 bxc4 42. Bxc4 Rxc2 43. Bb3 h2 44. Rh1 Rd2+ 45. Kxe5 Kg5 46.
Bd5 Rf2 47. Ke6 Kf4 48. e5 Ke3 49. Kd6 Kf4 50. Re1 Rb2 51. e6 Rb6+ 52. Bc6 Rb2
53. e7 1-0

[Event "XXIX Corsicoscacchi Magistrale"]
[Site "Corsico ITA"]
[Date "2004.05.02"]
[Round "5"]
[White "Rossi, Giampiero"]
[Black "Di Lascio, Savino"]
[Result "1/2-1/2"]
[WhiteElo "2000"]
[BlackElo "2022"]
[PlyCount "100"]
[EventDate "2004.04.29"]

1. d4 Nf6 2. c4 e6 3. Nc3 Bb4 4. Qc2 c5 5. dxc5 Na6 6. a3 Bxc5 7. Nf3 O-O 8. e3
b6 9. Be2 Bb7 10. O-O Rc8 11. b4 Bd6 12. Bb2 Bb8 13. Rac1 d5 14. Rfd1 Qe7 15.
cxd5 exd5 16. Qb3 Rfd8 17. Bxa6 Bxa6 18. Nxd5 Nxd5 19. Rxc8 Rxc8 20. Qxd5 Bb7
21. Qd7 Qxd7 22. Rxd7 Bxf3 23. gxf3 Kf8 24. Rd2 f6 25. f4 Ke7 26. Kg2 Ke6 27.
Kf3 Bd6 28. f5+ Ke7 29. h3 Rc4 30. e4 a5 31. bxa5 bxa5 32. Rd5 Ra4 33. Rd3 Bc5
34. Bc1 Bd6 35. Rb3 h5 36. Rc3 Be5 37. Rb3 Rc4 38. Bd2 Ra4 39. Bf4 Rc4 40. Bxe5
fxe5 41. Ke3 a4 42. Rd3 Rc1 43. Kd2 Rf1 44. Ke2 Rb1 45. Rc3 Rb2+ 46. Kf3 Rb3
47. Re3 Kf6 48. h4 Ke7 49. Ke2 Rb2+ 50. Kf3 Rb3 1/2-1/2

[Event "XXIX Corsicoscacchi Magistrale"]
[Site "Corsico ITA"]
[Date "2004.05.02"]
[Round "6"]
[White "Bisignano, Giuseppe"]
[Black "Dallaglio, Giovanni"]
[Result "0-1"]
[WhiteElo "1996"]
[BlackElo "2019"]
[PlyCount "80"]
[EventDate "2004.04.29"]

1. e4 c6 2. d4 d5 3. Nc3 dxe4 4. Nxe4 Nd7 5. Nf3 Ngf6 6. Ng3 e6 7. Bd3 c5 8. c3
Bd6 9. O-O O-O 10. Rb1 Qc7 11. dxc5 Nxc5 12. b4 Nxd3 13. Qxd3 b6 14. Rd1 Rd8
15. Bf4 Nd5 16. Bxd6 Qxc3 17. Qxc3 Nxc3 18. Rbc1 Nxd1 19. Rxd1 Bb7 20. Ne5 f6
21. Nc4 Bd5 22. Bc7 Rdc8 23. Nxb6 axb6 24. Bxb6 Rxa2 25. Bc5 g6 26. Nf1 Rca8
27. Bd4 Kf7 28. Ne3 Rd8 29. b5 Bb3 30. Rd3 e5 31. Rxb3 exd4 32. Nd1 Ra1 33. Rd3
Rb1 34. Kf1 Rxb5 35. Ke2 Ke6 36. Ra3 h5 37. g3 g5 38. f3 h4 39. Rd3 Rdb8 40.
Rxd4 Rd5 0-1

[Event "XXIX Corsicoscacchi Magistrale"]
[Site "Corsico ITA"]
[Date "2004.05.02"]
[Round "6"]
[White "Bjarnason, Oskar"]
[Black "Barlocco, Carlo"]
[Result "1/2-1/2"]
[WhiteElo "2259"]
[BlackElo "2139"]
[PlyCount "85"]
[EventDate "2004.04.29"]

1. e4 Nc6 2. d4 d6 3. d5 Nb8 4. c4 Nf6 5. Nc3 e6 6. f4 exd5 7. cxd5 Be7 8. e5
Nfd7 9. Nf3 O-O 10. Bd3 Re8 11. O-O Nf8 12. Ne4 Bg4 13. Qb3 b6 14. Nd4 dxe5 15.
fxe5 Bc5 16. Nxc5 bxc5 17. Qb7 Nbd7 18. Nc6 Qc8 19. Qxc8 Raxc8 20. h3 Bh5 21.
Ba6 Nb8 22. Bxc8 Nxc6 23. dxc6 Rxc8 24. Be3 Ne6 25. Rac1 Rb8 26. b3 Rb5 27. Rc3
h6 28. Rfc1 c4 29. Rxc4 a5 30. Bc5 Bg6 31. R1c3 Bb1 32. a4 Rb8 33. b4 Ba2 34.
Re4 Bd5 35. Re2 axb4 36. Rb2 b3 37. Ba3 Ra8 38. Rd2 Rxa4 39. Rxd5 Rxa3 40. Rb5
Ra1+ 41. Kf2 Ra2+ 42. Ke3 Rxg2 43. Rbxb3 1/2-1/2

[Event "XXIX Corsicoscacchi Magistrale"]
[Site "Corsico ITA"]
[Date "2004.05.02"]
[Round "6"]
[White "Bonazzi, Edoardo"]
[Black "Gagliardi, Christian"]
[Result "1/2-1/2"]
[WhiteElo "2140"]
[BlackElo "2116"]
[PlyCount "84"]
[EventDate "2004.04.29"]

1. c4 Nf6 2. Nc3 g6 3. g3 Bg7 4. Bg2 O-O 5. d3 d6 6. Nf3 e5 7. O-O Nc6 8. Bg5
h6 9. Bxf6 Qxf6 10. Nd5 Qd8 11. Rb1 a5 12. a3 Ne7 13. Nxe7+ Qxe7 14. b4 axb4
15. axb4 e4 16. dxe4 Qxe4 17. Qd3 Qxd3 18. exd3 Bf5 19. Rfd1 Ra3 20. Ne1 b6 21.
Be4 Bd7 22. Nc2 Ra2 23. Ne3 Bd4 24. Rdc1 Ba4 25. g4 Kg7 26. b5 h5 27. h3 hxg4
28. hxg4 Rh8 29. Re1 Rh4 30. Bf3 Bc2 31. Nxc2 Rxc2 32. Re2 Rxe2 33. Bxe2 Kf6
34. Bf3 Kg5 35. Re1 Be5 36. Re4 Rh7 37. Re2 f5 38. gxf5 gxf5 39. Ra2 Kf4 40.
Bd5 Bd4 41. Re2 Rh3 42. Rd2 Rg3+ 1/2-1/2

[Event "XXIX Corsicoscacchi Magistrale"]
[Site "Corsico ITA"]
[Date "2004.05.02"]
[Round "6"]
[White "Bozzali, Ermanno"]
[Black "Pace, Pietro Dario"]
[Result "0-1"]
[WhiteElo "2102"]
[BlackElo "2126"]
[PlyCount "79"]
[EventDate "2004.04.29"]

1. e4 e5 2. Nf3 Nc6 3. Bb5 a6 4. Ba4 Nf6 5. O-O b5 6. Bb3 Bc5 7. c3 d6 8. d4
Bb6 9. a4 Bg4 10. d5 Ne7 11. Qd3 O-O 12. Bg5 Rb8 13. Na3 Nd7 14. axb5 Nc5 15.
Qc2 Nxb3 16. Qxb3 axb5 17. Nxb5 f5 18. exf5 Rxf5 19. Ra4 Bxf3 20. Bxe7 Qxe7 21.
gxf3 Rxf3 22. Rg4 Qf7 23. Rg2 Rf8 24. Nxd6 cxd6 25. Qxb6 Qxd5 26. Qa7 g6 27.
Rg3 R8f7 28. Qa4 R3f4 29. Qc2 Kg7 30. Qe2 R7f5 31. Qd3 Qc5 32. Qe3 Qb5 33. Qd2
Qb6 34. b4 h5 35. Qe3 Qc6 36. Qd2 h4 37. Rg2 Qf3 38. Qxd6 Rg4 39. Qd7+ Kh6 40.
Qd2+ 0-1

[Event "XXIX Corsicoscacchi Magistrale"]
[Site "Corsico ITA"]
[Date "2004.05.02"]
[Round "6"]
[White "Cereda, Loris"]
[Black "Astengo, Marcello"]
[Result "0-1"]
[WhiteElo "2007"]
[BlackElo "2069"]
[PlyCount "42"]
[EventDate "2004.04.29"]

1. e4 e6 2. d4 d5 3. exd5 exd5 4. Nf3 Bd6 5. c4 Nf6 6. Nc3 O-O 7. c5 Re8+ 8.
Be3 Bf4 9. Qd2 Ng4 10. Ne5 Nxe5 11. dxe5 Rxe5 12. O-O-O Bxe3 13. fxe3 c6 14. e4
Be6 15. Bc4 Nd7 16. exd5 cxd5 17. Nxd5 Rc8 18. b4 Nxc5 19. bxc5 Bxd5 20. Qf4
Re4 21. Bxd5 Rxc5+ 0-1

[Event "XXIX Corsicoscacchi Magistrale"]
[Site "Corsico ITA"]
[Date "2004.05.02"]
[Round "6"]
[White "Di Lascio, Savino"]
[Black "Massironi, Marco"]
[Result "0-1"]
[WhiteElo "2022"]
[BlackElo "2119"]
[PlyCount "66"]
[EventDate "2004.04.29"]

1. Nf3 Nf6 2. g3 c5 3. Bg2 g6 4. O-O Bg7 5. d3 d5 6. c3 O-O 7. a4 Nc6 8. Na3
Re8 9. Bd2 e5 10. Qc1 Na5 11. Qc2 c4 12. dxc4 dxc4 13. e4 Bd7 14. Bg5 Qc7 15.
Rfd1 Nb3 16. Ra2 Bxa4 17. Bxf6 Bxf6 18. Rd5 Bc6 19. Rd1 b5 20. Qe2 Rad8 21. Re1
Nc5 22. Nc2 Bxe4 23. Rea1 Bd3 24. Qe3 Bxc2 25. Rxa7 Qd6 26. h4 Be4 27. h5 Ra8
28. hxg6 hxg6 29. Qh6 Bg7 30. Qh4 Rxa7 31. Rxa7 Qd1+ 32. Kh2 Bxf3 33. Re7 Rf8
0-1

[Event "XXIX Corsicoscacchi Magistrale"]
[Site "Corsico ITA"]
[Date "2004.05.02"]
[Round "6"]
[White "Mazzariol, Oscar"]
[Black "Podini, Francesco"]
[Result "0-1"]
[WhiteElo "2081"]
[BlackElo "2051"]
[PlyCount "60"]
[EventDate "2004.04.29"]

1. d4 Nf6 2. Nf3 c5 3. c4 cxd4 4. Nxd4 e5 5. Nb5 d5 6. cxd5 Bc5 7. e3 a6 8.
N5c3 e4 9. Nd2 Bf5 10. Ndxe4 Nxe4 11. Nxe4 Bb4+ 12. Nc3 O-O 13. Bd2 Re8 14. Qb3
Bd6 15. Be2 Nd7 16. O-O b5 17. Qd1 b4 18. Na4 Nf6 19. Rc1 Ne4 20. Be1 Qg5 21.
Bf3 Qh6 22. g3 Bh3 23. Bg2 Ng5 24. Rc6 Rad8 25. Bxb4 Bxg2 26. Kxg2 Qh3+ 27. Kg1
Bxb4 28. Rxa6 Qf5 29. d6 Qe4 30. a3 Nh3# 0-1

[Event "XXIX Corsicoscacchi Magistrale"]
[Site "Corsico ITA"]
[Date "2004.05.02"]
[Round "6"]
[White "Pelizzola, Danilo"]
[Black "D'Apa, Matteo"]
[Result "1/2-1/2"]
[WhiteElo "2081"]
[BlackElo "1859"]
[PlyCount "82"]
[EventDate "2004.04.29"]

1. e4 c6 2. d4 d5 3. Nd2 dxe4 4. Nxe4 Bf5 5. Ng3 Bg6 6. Nf3 Nd7 7. Bc4 Ngf6 8.
O-O e6 9. c3 Bd6 10. Re1 O-O 11. Bb3 Qc7 12. Nh4 Rad8 13. Nxg6 hxg6 14. Bg5 c5
15. d5 exd5 16. Bxd5 Rde8 17. Qb3 Nxd5 18. Qxd5 Nf6 19. Bxf6 gxf6 20. Rad1
Rxe1+ 21. Rxe1 Rd8 22. Rd1 Be7 23. Qf3 Rxd1+ 24. Qxd1 Bd6 25. Nf1 c4 26. g3 b5
27. Qd5 Qb6 28. Nd2 f5 29. Nf3 Qc5 30. Qb7 Bc7 31. Nd4 Bb6 32. Qa8+ Kg7 33. Qb7
Qe5 34. Kf1 Bxd4 35. cxd4 Qxd4 36. Qxb5 Qd3+ 37. Ke1 Qe4+ 38. Kd2 Qd3+ 39. Ke1
Qe4+ 40. Kd1 Qd3+ 41. Ke1 Qe4+ 1/2-1/2

[Event "XXIX Corsicoscacchi Magistrale"]
[Site "Corsico ITA"]
[Date "2004.05.02"]
[Round "6"]
[White "Popa, Florin"]
[Black "Guidi, Maurizio"]
[Result "1-0"]
[WhiteElo "2227"]
[BlackElo "2065"]
[PlyCount "83"]
[EventDate "2004.04.29"]

1. e4 c5 2. c3 g6 3. d4 cxd4 4. cxd4 Bg7 5. Nc3 d6 6. Be3 Nf6 7. f3 O-O 8. Qd2
Nc6 9. O-O-O Qa5 10. Kb1 Bd7 11. Bc4 Rfc8 12. Nge2 Qb4 13. Bd3 Na5 14. e5 Ne8
15. Nd5 Qxd2 16. Nxe7+ Kf8 17. Bxd2 Kxe7 18. exd6+ Nxd6 19. Bxa5 b6 20. Bb4 a5
21. Ba3 b5 22. Bc5 Bc6 23. Nc3 Kd7 24. Bxd6 Kxd6 25. Bxb5 Rab8 26. a4 Bxb5 27.
Nxb5+ Kd5 28. b3 Rc6 29. Rc1 Rbc8 30. Rxc6 Rxc6 31. Rc1 Rxc1+ 32. Kxc1 h5 33.
Kd2 Bh6+ 34. Kd3 Bf4 35. h3 f5 36. Nc3+ Kc6 37. Kc4 g5 38. Nd5 Bd6 39. Ne3 f4
40. Nf5 Bf8 41. d5+ Kb6 42. Kd4 1-0

[Event "XXIX Corsicoscacchi Magistrale"]
[Site "Corsico ITA"]
[Date "2004.05.02"]
[Round "6"]
[White "Rossi, Giampiero"]
[Black "Damia, Angelo"]
[Result "1/2-1/2"]
[WhiteElo "2000"]
[BlackElo "2061"]
[PlyCount "126"]
[EventDate "2004.04.29"]

1. d4 Nf6 2. c4 c5 3. dxc5 e6 4. Nc3 Bxc5 5. Nf3 O-O 6. a3 d5 7. cxd5 exd5 8.
e3 Nc6 9. Be2 Bf5 10. b4 Bb6 11. Nb5 Re8 12. Bb2 Ne4 13. Nbd4 Nxd4 14. Nxd4 Bg6
15. O-O Nd6 16. Qb3 Nf5 17. Nxf5 Bxf5 18. Rfd1 Be4 19. Bd4 Rc8 20. Bxb6 Qxb6
21. Bd3 Red8 22. Rac1 g6 23. Rxc8 Rxc8 24. Bxe4 dxe4 25. Qd5 Qc6 26. Qxc6 Rxc6
27. g4 Rc3 28. Rd7 Rxa3 29. Rxb7 Rb3 30. b5 g5 31. Kg2 h6 32. Kg3 Kg7 33. Rxa7
Rxb5 34. h4 gxh4+ 35. Kxh4 Kg6 36. Re7 h5 37. Rxe4 hxg4 38. Rxg4+ Kf6 39. Kg3
Rb1 40. Kf4 Rb4+ 41. e4 Ra4 42. Rg8 Rb4 43. Ra8 Kg6 44. Ra6+ f6 45. f3 Rc4 46.
Kg3 Kf7 47. Ra3 Rb4 48. Re3 Ke6 49. f4 Rb1 50. Ra3 Rb7 51. Ra6+ Kf7 52. Kg4 Rc7
53. Kf5 Rc5+ 54. e5 fxe5 55. Ra7+ Ke8 56. Ke6 Rc6+ 57. Kxe5 Rb6 58. Ra5 Ke7 59.
f5 Kf7 60. Ra7+ Kf8 61. f6 Rb5+ 62. Ke6 Rb6+ 63. Kf5 Rb1 1/2-1/2

[Event "VI Coppa A"]
[Site "Monti ITA"]
[Date "2004.05.??"]
[Round "2"]
[White "Santoro, Luca"]
[Black "Djuric, Stefan"]
[Result "0-1"]
[WhiteElo "2089"]
[BlackElo "2518"]
[PlyCount "82"]
[EventDate "2004.05.29"]

1. e4 g6 2. d4 Bg7 3. Nf3 d5 4. Bd3 dxe4 5. Bxe4 Nf6 6. Bd3 O-O 7. O-O c5 8.
dxc5 Nbd7 9. c6 bxc6 10. Nc3 Qc7 11. Re1 e6 12. Bd2 Rb8 13. Rb1 Nd5 14. Qe2
Rxb2 15. Nxd5 cxd5 16. Rxb2 Bxb2 17. c4 dxc4 18. Bxc4 Bb7 19. Bb3 a5 20. Be3
Bg7 21. Rc1 Qb8 22. Qd2 Ne5 23. Nxe5 Bxe5 24. h3 a4 25. Bxa4 Qa8 26. Bb5 Rd8
27. Qe1 Qxa2 28. Bc4 Qb2 29. Bg5 Ra8 30. Rd1 Bc3 31. Bd2 Bxd2 32. Qxd2 Qxd2 33.
Rxd2 Rc8 34. Ba2 Kf8 35. f3 Ke7 36. Kf2 g5 37. Bb1 h5 38. Rb2 Bd5 39. Ba2 Ba8
40. Ke3 Rc3+ 41. Kd4 41... Rd3+ {...} 0-1